000 00491nam a2200169Ia 4500
008 140925s9999 xx 000 0 und d
020 _a1449-1443
245 4 _aThe Fibreculture Journal /
_h[electronic resource]
260 _bOpen Humanity Press,
_cc2014.
516 _aElectronic text
650 _aFibreculture Journal.
650 _aMass Communication.
830 _aOpen Humanity Press
856 _uhttp://fibreculturejournal.org/
942 _cEJ
999 _c275606
_d275606